• 首页
  • 本馆介绍
  • 公告通知
  • 最新文献
  • 馆藏检索
  • 电子资源
  • 读者导购
  • 参考咨询
  • 我的图书馆
  • 登录
  • 详细信息显示
  • 放入我的书架
  • 预约/预借图书
  • 作者相关作品
  • 分类相关作品
  • 丛书相关作品
  • 出版社相关作品

书目信息

  • 表格格式
  • 工作单格式
  • 卡片格式
题名:
汉字dBASE IV 实用手册
    
 
作者: 来文占 李晓琦著
分册:  
出版信息: 北京   电子工业出版社  1990.06
页数: 746页
开本: 19cm
丛书名:
单 册:
中图分类: TP392-62
科图分类:
主题词: 计算机应用
电子资源:
ISBN: 7-5053-0757-6
000 00558nam0 2200181 45
001 9911301546
005 19991130153321.1
010    @a7-5053-0757-6@d25.00
100    @a19991130d1990 km y0chiy0120 ea
101    @achi
105    @a z 000yy
200 1  @a汉字dBASE IV 实用手册@AHan Zi dBASE IV Shi Yong Shou Ce@f来文占 李晓琦著@FLai Wen Zhan Li Xiao Qi Zhu
210    @a北京@c电子工业出版社@d1990.06
215    @a746页@c无图表@d19cm
606 0  @a计算机应用
690    @aTP392-62@v3
801    @aCN@bPerfectUser@c19991130
905    @aBZT@b42202@f1@dTP392-62@e1
    
    汉字dBASE IV 实用手册/来文占 李晓琦著.-北京:电子工业出版社,1990.06
    746页:无图表;19cm
    
    
    ISBN 7-5053-0757-6:25.00
    
●
相关链接 在五车中查询图书 在当当中查询图书 在豆瓣中查询图书


正题名:汉字dBASE IV 实用手册     索取号:TP392-62/1         预约/预借

序号 登录号 条形码 馆藏地/架位号 状态 备注
1 42202   200373639   中心书库中库/ 中库026架B面6列1层15/ [索取号:TP392-62/1] 在馆    
2 78923   200644044   中心书库中库/ 中库026架B面6列1层16/ [索取号:TP392-62/1] 在馆    
山东省滨州职业学院图书馆 欢迎您!
大连网信软件有限公司© 版权所有